000 00384nam a2200133 4500
005 20260530113845.0
100 1 _aJenny Mulherin
_930602
245 1 0 _aTécnicas de Presentación para el Artista Gráfico -Manuales de Diseño GG
264 1 _bGustavo Gili
_c1990
300 _a144 páginas
336 _atexto
_2rdacontent
337 _asin medio
_2rdamedia
338 _avolumen
_2rdacarrier
999 _c11249
_d11249